000 00589nam a2200193Ia 4500
005 20260114185837.0
008 008 260114s9999 xx 000 0 eng d
020 _a9781847888761
037 _aEBOOK
040 _aCRL
_beng
_cCRL
041 _aeng
_2eng
084 _qCRL
100 _aThomas Abler
_9875083
245 0 _aHinterland Warriors and Military Dress European Empires and Exotic Uniforms
260 _bBloomsbury
_c2010
856 _uhttps://doi.org/10.2752/9781847888761?locatt=label:secondary_bloomsburyCollections
942 _cEBOOK
999 _c1474017
_d1474017